【TotK】ゾナウギア - Statistics

General Stats
  • This quiz has been taken 61 times
  • The average score is 10 of 27
Answer Stats
% Correct
扇風機
94%
63%
ロケット
63%
火龍の頭
60%
氷龍の頭
57%
操縦桿
57%
雷龍の頭
51%
ライト
49%
台車
46%
40%
ソリ
37%
バネ
34%
携帯鍋
31%
光線の頭
31%
大砲
31%
大きなタイヤ
29%
タイマーバクダン
23%
小さなタイヤ
23%
大容量バッテリー
23%
おきあがりこぼし
23%
熱気球
20%
浮遊石
20%
20%
ゴーレムの頭
17%
スペアバッテリー
14%
追跡台車
11%
放水柱
6%
No matching quizzes found
Score Distribution
Percent of People with Each Score
Percentile by Number Answered
Your Score History
You have not taken this quiz